<?xml version="1.0" encoding="UTF-8"?>
<record
    xmlns:xsi="http://www.w3.org/2001/XMLSchema-instance"
    xsi:schemaLocation="http://www.loc.gov/MARC21/slim http://www.loc.gov/standards/marcxml/schema/MARC21slim.xsd"
    xmlns="http://www.loc.gov/MARC21/slim">

  <leader>00517nam a2200169   4500</leader>
  <datafield tag="999" ind1=" " ind2=" ">
    <subfield code="c">1321</subfield>
    <subfield code="d">1321</subfield>
  </datafield>
  <controlfield tag="008">200122b           ||||| |||| 00| 0 eng d</controlfield>
  <datafield tag="020" ind1=" " ind2=" ">
    <subfield code="a">0900976144</subfield>
  </datafield>
  <datafield tag="082" ind1="0" ind2="0">
    <subfield code="a">623.865 </subfield>
    <subfield code="b">V646</subfield>
  </datafield>
  <datafield tag="100" ind1=" " ind2=" ">
    <subfield code="9">913</subfield>
    <subfield code="a">Victory, G. </subfield>
  </datafield>
  <datafield tag="245" ind1="1" ind2="0">
    <subfield code="a">Fire fighting equipment and its use in ships /</subfield>
  </datafield>
  <datafield tag="260" ind1=" " ind2=" ">
    <subfield code="a">London:</subfield>
    <subfield code="b">IME,</subfield>
    <subfield code="c">1974.</subfield>
  </datafield>
  <datafield tag="300" ind1=" " ind2=" ">
    <subfield code="a">96 p.</subfield>
  </datafield>
  <datafield tag="490" ind1="0" ind2=" ">
    <subfield code="a">Marine Engineering Practice;</subfield>
    <subfield code="v">Vol.1, Part 5</subfield>
  </datafield>
  <datafield tag="650" ind1=" " ind2="0">
    <subfield code="a">Ships-- Fires and Fire Prevention</subfield>
  </datafield>
  <datafield tag="700" ind1=" " ind2=" ">
    <subfield code="9">915</subfield>
    <subfield code="a">Owen, J. H.</subfield>
  </datafield>
  <datafield tag="942" ind1=" " ind2=" ">
    <subfield code="2">ddc</subfield>
    <subfield code="c">BK</subfield>
  </datafield>
  <datafield tag="952" ind1=" " ind2=" ">
    <subfield code="0">0</subfield>
    <subfield code="1">0</subfield>
    <subfield code="2">ddc</subfield>
    <subfield code="4">0</subfield>
    <subfield code="6">623_865000000000000_V646</subfield>
    <subfield code="7">0</subfield>
    <subfield code="9">3919</subfield>
    <subfield code="a">CL</subfield>
    <subfield code="b">CL</subfield>
    <subfield code="d">1975-09-19</subfield>
    <subfield code="o">623.865  V646</subfield>
    <subfield code="p">04352</subfield>
    <subfield code="r">2020-01-22</subfield>
    <subfield code="y">BK</subfield>
  </datafield>
  <datafield tag="952" ind1=" " ind2=" ">
    <subfield code="0">0</subfield>
    <subfield code="1">0</subfield>
    <subfield code="2">ddc</subfield>
    <subfield code="4">0</subfield>
    <subfield code="6">623_865000000000000_V646</subfield>
    <subfield code="7">0</subfield>
    <subfield code="9">4829</subfield>
    <subfield code="a">CL</subfield>
    <subfield code="b">CL</subfield>
    <subfield code="d">2000-05-04</subfield>
    <subfield code="e">Sterling Book House</subfield>
    <subfield code="l">1</subfield>
    <subfield code="m">1</subfield>
    <subfield code="o">623.865  V646</subfield>
    <subfield code="p">09081</subfield>
    <subfield code="r">2026-02-23</subfield>
    <subfield code="s">2026-01-28</subfield>
    <subfield code="v">5191.20</subfield>
    <subfield code="y">BK</subfield>
  </datafield>
  <datafield tag="952" ind1=" " ind2=" ">
    <subfield code="0">0</subfield>
    <subfield code="1">0</subfield>
    <subfield code="2">ddc</subfield>
    <subfield code="4">0</subfield>
    <subfield code="6">623_865000000000000_V646</subfield>
    <subfield code="7">0</subfield>
    <subfield code="9">5233</subfield>
    <subfield code="a">CL</subfield>
    <subfield code="b">CL</subfield>
    <subfield code="d">2002-09-10</subfield>
    <subfield code="e">Sterling Book House</subfield>
    <subfield code="o">623.865  V646</subfield>
    <subfield code="p">09390</subfield>
    <subfield code="r">2020-02-10</subfield>
    <subfield code="y">BK</subfield>
  </datafield>
  <datafield tag="952" ind1=" " ind2=" ">
    <subfield code="0">0</subfield>
    <subfield code="1">0</subfield>
    <subfield code="2">ddc</subfield>
    <subfield code="4">0</subfield>
    <subfield code="6">623_865000000000000_V646</subfield>
    <subfield code="7">0</subfield>
    <subfield code="9">5826</subfield>
    <subfield code="a">CL</subfield>
    <subfield code="b">CL</subfield>
    <subfield code="d">2020-02-14</subfield>
    <subfield code="o">623.865  V646</subfield>
    <subfield code="p">04609</subfield>
    <subfield code="r">2020-02-14</subfield>
    <subfield code="y">BK</subfield>
  </datafield>
  <datafield tag="952" ind1=" " ind2=" ">
    <subfield code="0">0</subfield>
    <subfield code="1">0</subfield>
    <subfield code="2">ddc</subfield>
    <subfield code="4">0</subfield>
    <subfield code="6">623_865000000000000_V646</subfield>
    <subfield code="7">0</subfield>
    <subfield code="9">5922</subfield>
    <subfield code="a">CL</subfield>
    <subfield code="b">CL</subfield>
    <subfield code="d">2020-02-14</subfield>
    <subfield code="o">623.865  V646</subfield>
    <subfield code="p">04620</subfield>
    <subfield code="r">2020-02-14</subfield>
    <subfield code="y">BK</subfield>
  </datafield>
  <datafield tag="952" ind1=" " ind2=" ">
    <subfield code="0">0</subfield>
    <subfield code="1">0</subfield>
    <subfield code="2">ddc</subfield>
    <subfield code="4">0</subfield>
    <subfield code="6">623_865000000000000_V646</subfield>
    <subfield code="7">0</subfield>
    <subfield code="9">5962</subfield>
    <subfield code="a">CL</subfield>
    <subfield code="b">CL</subfield>
    <subfield code="d">2020-02-14</subfield>
    <subfield code="o">623.865  V646</subfield>
    <subfield code="p">04631</subfield>
    <subfield code="r">2020-02-14</subfield>
    <subfield code="y">BK</subfield>
  </datafield>
  <datafield tag="952" ind1=" " ind2=" ">
    <subfield code="0">0</subfield>
    <subfield code="1">0</subfield>
    <subfield code="2">ddc</subfield>
    <subfield code="4">0</subfield>
    <subfield code="6">623_865000000000000_V646</subfield>
    <subfield code="7">0</subfield>
    <subfield code="9">7481</subfield>
    <subfield code="a">CL</subfield>
    <subfield code="b">CL</subfield>
    <subfield code="d">2020-03-16</subfield>
    <subfield code="o">623.865  V646</subfield>
    <subfield code="p">04905</subfield>
    <subfield code="r">2020-03-16</subfield>
    <subfield code="y">BK</subfield>
  </datafield>
  <datafield tag="952" ind1=" " ind2=" ">
    <subfield code="0">0</subfield>
    <subfield code="1">0</subfield>
    <subfield code="2">ddc</subfield>
    <subfield code="4">0</subfield>
    <subfield code="6">623_865000000000000_V646</subfield>
    <subfield code="7">0</subfield>
    <subfield code="9">7492</subfield>
    <subfield code="a">CL</subfield>
    <subfield code="b">CL</subfield>
    <subfield code="d">2020-03-16</subfield>
    <subfield code="l">1</subfield>
    <subfield code="o">623.865  V646</subfield>
    <subfield code="p">04916</subfield>
    <subfield code="r">2023-06-06</subfield>
    <subfield code="s">2023-01-27</subfield>
    <subfield code="y">BK</subfield>
  </datafield>
  <datafield tag="952" ind1=" " ind2=" ">
    <subfield code="0">0</subfield>
    <subfield code="1">0</subfield>
    <subfield code="2">ddc</subfield>
    <subfield code="4">0</subfield>
    <subfield code="6">623_865000000000000_V646</subfield>
    <subfield code="7">0</subfield>
    <subfield code="9">7877</subfield>
    <subfield code="a">CL</subfield>
    <subfield code="b">CL</subfield>
    <subfield code="d">1979-06-12</subfield>
    <subfield code="o">623.865  V646</subfield>
    <subfield code="p">05089</subfield>
    <subfield code="r">2020-03-18</subfield>
    <subfield code="y">BK</subfield>
  </datafield>
  <datafield tag="952" ind1=" " ind2=" ">
    <subfield code="0">0</subfield>
    <subfield code="1">0</subfield>
    <subfield code="2">ddc</subfield>
    <subfield code="4">0</subfield>
    <subfield code="6">623_865000000000000_V646</subfield>
    <subfield code="7">0</subfield>
    <subfield code="9">53261</subfield>
    <subfield code="a">CL</subfield>
    <subfield code="b">CL</subfield>
    <subfield code="d">2023-09-02</subfield>
    <subfield code="e">Donated by Sharad Gupta (Roll No.4271)</subfield>
    <subfield code="o">623.865  V646</subfield>
    <subfield code="p">G01235</subfield>
    <subfield code="r">2023-09-27</subfield>
    <subfield code="y">BK</subfield>
  </datafield>
</record>
